| 000 | 00385nam a2200121Ia 4500 | ||
|---|---|---|---|
| 008 | 220204s9999 xx 000 0 und d | ||
| 082 |
_a338.2 _bTHA |
||
| 100 | _aMohanakumar, S | ||
| 245 | 0 | _aJaagratha samithi roopikaranavum pravarthanavum : Mulankunnathukavu gramapanchayathinte anubhavavum paadangalum | |
| 260 |
_aThrissur _bKILA _c2002 |
||
| 700 | _aThampi, Binitha V | ||
| 942 | _cBK | ||
| 999 |
_c44049 _d44049 |
||